000 00407nam a22001697a 4500
003 MPLRDC
005 20220104123539.0
008 210129b ||||| |||| 00| 0 eng d
082 _a427.11 AM-2
100 _a阿梅著
245 _a广东家常小菜食谱
_c
260 _a
_b福林图书公司
_c
300 _b
490 _a福林食谱. 1
650 _a中菜食谱
942 _cBK
_o427.11 AM-2
999 _c12278
_d12268